Alle Städte in NRW nach Buchstabe - L - Statistiken

Allgemein
  • Dieses Quiz wurde 132 mal gespielt
  • Das Durchschnittsergebnis liegt bei 14 aus 27
Antworten auf der Karte
Die Antworten werden auf der Karte rot bzw. grün angezeigt, abhängig davon wie oft sie richtig erraten wurden.
 
Antwortstatistiken
Name % Korrekt
Leverkusen
87%
Lippstadt
82%
Lünen
82%
Lüdenscheid
71%
Lemgo
67%
Löhne
64%
Lage
59%
Lengerich
58%
Lennestadt
57%
Lübbecke
55%
Lüdinghausen
55%
Lohmar
53%
Lindlar
52%
Langenberg
51%
Lippetal
51%
Ladbergen
49%
Laer
48%
Lotte
47%
Lügde
47%
Lienen
46%
Linnich
41%
Langerwehe
40%
Langenfeld (Rhld.)
38%
Legden
38%
Leichlingen (Rhld.)
38%
Leopoldshöhe
37%
Lichtenau
36%
Keine übereinstimmenden Quizze gefunden
Verteilung der Resultate
Anzahl Personen mit jedem Resultat
Perzentil nach korrekt beantworteten Fragen
Ihre Resultats-Entwicklung
Sie haben dieses Quiz noch nicht gespielt